000 00938nam a2200217 i 4500
001 162999
003 ES-MaACL
005 20250806050953.0
008 050706s1840 fr | |||||||| ||fre d
040 _aCAM
_bspa
_cCAM
100 1 _aRaymond, V.
_9131629
245 1 0 _aManuel des baigneurs
_b: précédé de l'histoire des bains ...; suivie d'un traité de la natation et d'une Statistique des établissements de bains et des eaux minérales ... /
_cpar V. Raymond.
260 _aParis :
_bDesloges,
_c1840 (
_fImprimerie de'A. René et c\pie\s)
300 _a4, 148 p. ;
_c15 cm.
490 1 _aCollection de manuels d'hygiène pour les gens du monde
650 7 _aAguas minerales
_2embne
_9135517
650 4 _aNatación.
_9136578
830 0 _aCollection de manuels d'hygiène pour les gens du monde
_9222237
852 _aES-MaACL
_jT-635-F-3
_z-- Enc. hol.
_z-- Enc. en un vol. facticio
999 _c162999
_d162999